Služby

Bibliographic Details
Format: Article
Language:Slovak
Subjects:

MARC

LEADER 00000nab a2200000 a 4500
001 vtls000645210
003 SK-MaSNL
005 20260426070840.0
008 201103c1997 xo 0 slo
015 |a SNBRB19rr/mm-uuuuu 
035 |a CL0645349 
040 |a SNKBUCL  |b slo  |c SNKBUCL  |e AACR2 
041 0 |a slo 
044 |a xo  |c SK 
080 |a 31:338.4(437.6)  |2 1981 
245 0 0 |a Služby 
650 0 7 |a služby  |2 snkbucl  |9 2356 
651 7 |a Slovensko  |2 SNKPHgeo  |9 14231 
655 7 |a články z novín a časopisov  |2 snkbucl  |9 267496 
773 0 |t Bulletin  |g Č. 10 (1997), s. 6-7 
850 |a Slovenská národná knižnica v Martine  |a MTA001 
852 |a SNK  |b KIS3GCP 
958 |a RK 
958 |a RBX 
999 |c 2671813  |d 2673743